<?xml version="1.0" encoding="UTF-8"?>
<record
    xmlns:xsi="http://www.w3.org/2001/XMLSchema-instance"
    xsi:schemaLocation="http://www.loc.gov/MARC21/slim http://www.loc.gov/standards/marcxml/schema/MARC21slim.xsd"
    xmlns="http://www.loc.gov/MARC21/slim">

  <leader>00573nam a2200181Ia 4500</leader>
  <controlfield tag="008">100917s9999    xx            000 0 und d</controlfield>
  <datafield tag="082" ind1=" " ind2=" ">
    <subfield code="b">27559</subfield>
  </datafield>
  <datafield tag="100" ind1=" " ind2=" ">
    <subfield code="a">&#x936;&#x947;&#x915;&#x91F;&#x915;&#x930; &#x92E;&#x941;. &#x930;&#x902;.</subfield>
  </datafield>
  <datafield tag="245" ind1=" " ind2=" ">
    <subfield code="a">&#x935;&#x93E;&#x92F;&#x930;&#x92E;&#x928; (&#x924;&#x93E;&#x930;&#x924;&#x902;&#x924;&#x94D;&#x930;&#x940;)</subfield>
  </datafield>
  <datafield tag="260" ind1=" " ind2=" ">
    <subfield code="b">&#x909;&#x926;&#x94D;&#x92F;&#x92E; &#x92A;&#x94D;&#x930;&#x915;&#x93E;&#x936;&#x928;</subfield>
    <subfield code="c">1970</subfield>
  </datafield>
  <datafield tag="300" ind1=" " ind2=" ">
    <subfield code="a">164</subfield>
  </datafield>
  <datafield tag="365" ind1=" " ind2=" ">
    <subfield code="b">6.5</subfield>
  </datafield>
  <datafield tag="520" ind1=" " ind2=" ">
    <subfield code="a">&#x938;&#x943;. &#x92A;. &#x935;&#x93F;.</subfield>
  </datafield>
  <datafield tag="630" ind1=" " ind2=" ">
    <subfield code="a">&#x935;&#x93E;&#x92F;&#x930;&#x92E;&#x928; (&#x924;&#x93E;&#x930;&#x924;&#x902;&#x924;&#x94D;&#x930;&#x940;)</subfield>
  </datafield>
  <datafield tag="650" ind1=" " ind2=" ">
    <subfield code="a">&#x938;&#x943;. &#x92A;. &#x935;&#x93F;.</subfield>
  </datafield>
  <datafield tag="730" ind1=" " ind2=" ">
    <subfield code="a">&#x935;&#x93E;&#x92F;&#x930;&#x92E;&#x928; (&#x924;&#x93E;&#x930;&#x924;&#x902;&#x924;&#x94D;&#x930;&#x940;)</subfield>
  </datafield>
  <datafield tag="942" ind1=" " ind2=" ">
    <subfield code="c">BOOK</subfield>
  </datafield>
  <datafield tag="999" ind1=" " ind2=" ">
    <subfield code="c">632953</subfield>
    <subfield code="d">632950</subfield>
  </datafield>
  <datafield tag="952" ind1=" " ind2=" ">
    <subfield code="0">1</subfield>
    <subfield code="1">0</subfield>
    <subfield code="4">0</subfield>
    <subfield code="7">0</subfield>
    <subfield code="a">PUNMGS</subfield>
    <subfield code="b">PUNMGS</subfield>
    <subfield code="c">&#x922;, 5 &#x925; 70</subfield>
    <subfield code="d">2010-09-17</subfield>
    <subfield code="g">6.50</subfield>
    <subfield code="l">0</subfield>
    <subfield code="p">PUNMGS-27559</subfield>
    <subfield code="r">2010-09-17 00:00:00</subfield>
    <subfield code="w">2010-09-17</subfield>
    <subfield code="y">BOOK</subfield>
    <subfield code="z">&#x930;&#x926;&#x94D;&#x926;</subfield>
  </datafield>
</record>
